000 00377nam a22001697a 4500
005 20160616110512.0
008 160616b xxu||||| |||| 00| 0 eng d
020 _a81-7660-052-0
041 _aeng
082 _b7929
100 _aKulkarni, M.V.
_91477
245 _aPhysical Distribution Mgt.
260 _bEPH
300 _a209
650 _aManagement
_9241
942 _cBK
999 _c2898
_d2897